000 01161nam a22003377a 4500
003 CHAP
005 20220329143234.0
008 070619d2006 mx a r 00010 spa d
010 _a93755
011 _a94727
035 _a105323
040 _cCHAP
082 0 4 _a634.956
_bM8
100 0 0 _aMusálem Santiago, Miguel Angel
_ecomp.
_979897
245 1 0 _aSilvicultura de plantaciones forestales comerciales
_c/comp. por Miguel Angel Musálem
260 _aChapingo, Méx. :
_bUACH. División de Ciencias Forestales,
_c2006.
300 _axvii, 213 p. :
_bilus., cuadros
590 _aBATCH-UPD
_b10
_c20130110
_lUCH01
_h1744
590 _aBATCH-UPD
_b10
_c20130410
_lUCH01
_h1122
590 _aBATCH-UPD
_b10
_c20130913
_lUCH01
_h1911
590 _aCONVERSION
_b10
_c20130109
_lUCH01
_h1352
650 1 4 _aAclareos.
_9615
650 1 4 _aBosques artificiales.
_914424
650 1 4 _aPlantación forestal.
_988784
650 1 4 _aSilvicultura.
_9106109
901 _aBK
905 _aLilia
942 _cLIBRO
949 _a634.956 M8
_bBC
_cLIBRO
_d33724002218181
_eLIBRO
_fc.2
_h113128
_i105323
_sb
949 _a634.956 M8
_bBC
_cUACH
_d33724002022819
_eUACH
_h108702
_i105323
_sb
999 _c93755
_d93755